Catalog

Record Details

Catalog Search



Krise und Antisemitismus : eine Geschichte in drei Stationen von der Gründerzeit über die Weltwirtschaftskrise bis heute  Cover Image Book Book

Krise und Antisemitismus : eine Geschichte in drei Stationen von der Gründerzeit über die Weltwirtschaftskrise bis heute / Gerhard Hanloser

Record details

  • ISBN: 389771423X
  • Physical Description: 135 p. ; 21 cm
  • Edition: 1. Aufl.
  • Publisher: Münster : Unrast, 2003

Content descriptions

Bibliography, etc. Note:
Includes bibliographical references (p. 128-135).

Available copies

  • 1 of 1 copy available at Common Catalog SPOK.

Holds

  • 0 current holds with 1 total copy.
Show Only Available Copies
Location Call Number / Copy Notes Barcode Shelving Location Status Due Date
Terezin Initiative Institute 4199 4594304199 Knihovna ITI Available -

LDR 01314cam a2200289 a 4500
00149788
003CZ-PrJAB
00520220914082534.0
008031128s2003 gw b 000 0 ger
020 . ‡a389771423X
035 . ‡a(GyWOH)har030054141
040 . ‡aDLC ‡cDLC
1001 . ‡aHanloser, Gerhard, ‡d1972- ‡4aut
24510. ‡aKrise und Antisemitismus : ‡beine Geschichte in drei Stationen von der Gründerzeit über die Weltwirtschaftskrise bis heute / ‡cGerhard Hanloser
250 . ‡a1. Aufl.
260 . ‡aMünster : ‡bUnrast, ‡c2003
300 . ‡a135 p. ; ‡c21 cm
504 . ‡aIncludes bibliographical references (p. 128-135).
910 . ‡aABE340 ‡b4199
995 . ‡aska
901 . ‡a49788 ‡bAUTOGEN ‡c49788 ‡tbiblio

Additional Resources